Music Quiz

Random Music or Rock Quiz
Score 0/26 Timer 05:00
0 Plays Today
% Correct
Help!
93.9%
Let It Be
92.1%
Yellow Submarine
90.9%
A Hard Day's Night
87.7%
Yellow Submarine
86.9%
Please Please Me
75.8%
Sgt. Pepper's Lonely Hearts Club Band
70.8%
Sgt. Pepper's Lonely Hearts Club Band (Reprise)
70.7%
Magical Mystery Tour
60.1%
Yesterday
57.2%
Come Together
51.4%
Love Me Do
47.3%
Eleanor Rigby
47.2%
% Correct
I Am The Walrus
41.9%
Here Comes the Sun
40.9%
Back in the U.S.S.R.
38.9%
Norwegian Wood (This Bird Has Flown)
37%
Get Back
34.8%
Eight Days a Week
30.8%
Drive My Car
30.6%
All You Need Is Love
28.3%
Blackbird
28%
Can't Buy Me Love
27.2%
All My Loving
18.2%
I'm a Loser
10.4%
Roll Over Beethoven
9.8%
Remove Ads.
Support Sporcle.
Get the best of Sporcle when you Go Orange. This ad-free experience offers more features, more stats, and more fun while also helping to support Sporcle. Thank you for becoming a member.

You're not logged in!

Compare scores with friends on all Sporcle quizzes.
OR
Log In

Sporcle TV

Today on Sporcle TV


Watch our educational content, quiz creation guides, and fun videos on Sporcle TV.

Show Comments

Extras

Top Quizzes Today


Score Distribution

Paid Content

Your Account Isn't Verified!

In order to create a playlist on Sporcle, you need to verify the email address you used during registration. Go to your Sporcle Settings to finish the process.

Report this User

Report this user for behavior that violates our Community Guidelines.

Details: